01522nam a2200217 i 4500003000900000005001700009007000300026008004100029040003000070082001300100100000300113245003700116264003700153300002700190336002700217337003400244338002800278520099200306700000301298700000301301DO-SdBNP20231201084250.0ta110413s2001 dr 000 j spa d aDO-SdBNPbspacBNPHUerda bM425222 10aMatemática :b4to. nivel medio 1aSanto Domingo :bSusaeta,c2001. a301 páginas c28 cm. 2rdacontentatextobtxt 2rdamediaasin mediación bn 2rdacarrieravolumenbnc aEl presente estudio tiene como objeto de investigación y análisis jurídico un fenómeno altamente controversial que ocurre de manera preocupante habitual en la cotidianidad de la industria musical y los medios de radiodifusión sonora: la payola. El autor demuestra que este fenómeno no levita libremente sobre las normas, exento de violaciones o repercusiones jurídicas. La payola es una práctica abiertamente antijurídica, violatoria de derechos individuales y colectivos positivizados en nuestro ordenamiento jurídico y, además, clasificables en tres grupos: derecho cultural, derecho patrimonial de comunicación pública del autor y derecho de las competencias. Payola, Derechos e industria musical es un estudio que destaca por su enjundia y por el rigor científico con que su autor asume la tarea bien lograda y desde perspectivas distintas, de conjurar los mitos y la irresponsabilidad anecdótica y maniquea urdidos tradicionalmente alrededor del tema.